000 00522nam a2200157Ia 4500
008 090711s9999 xx 000 0 und d
082 _b24857
100 _aशेंडे वा. रा. (प्रका.)
245 _aडॉ. हेडगेवार
260 _c1943
600 _aशेंडे वा. रा. (प्रका.)
630 _aडॉ. हेडगेवार
700 _aशेंडे वा. रा. (प्रका.)
730 _aडॉ. हेडगेवार
942 _cBOOK
999 _c320670
_d320670